000 00501nam a22001937a 4500
003 MPLRDC
005 20220104193053.0
008 210129b ||||| |||| 00| 0 eng d
020 _a978-986-301-326-6
082 _a857.75 JBD-24
100 _a九把刀
245 _a继续哈棒
_c
250 _a初版
260 _a台湾
_b大众国际书局股份有限公司
_c2013
300 _b
490 _a九把刀作品集
650 _a中国文学--长篇小说
942 _cBK
_o857.75 JBD-24
999 _c65015
_d65005